000 00547nam a2200193Ia 4500
005 20250508162048.0
008 008 250505s9999 xx 000 0 eng d
020 _a0305-3482
037 _aTextual
040 _aFEDL
_beng
_cFEDL
041 _aeng
_2eng
084 _a321.4, OPP
_qFEDL
100 _aOppenheim A. N.
245 0 _aCivic education and participation in democracy : The German case
260 _aLondon, UK
_bSage Publications
_c1977
300 _a51p.
942 _cTEXL
_h321.4, OPP
999 _c1374136
_d1374136